| 000 | 005470000a22001930004500 | ||
|---|---|---|---|
| 001 | 001002 | ||
| 003 | MACL | ||
| 005 | 20151011172123.0 | ||
| 008 | 151011b xxu||||| |||| 00| 0 eng d | ||
| 040 |
_aMACL _cMACL |
||
| 041 | _aEnglish | ||
| 082 | _a920/INS | ||
| 100 |
_aInstitute de Recherches Evolutives, Canada _914466 |
||
| 245 |
_aMother's Agenda 1966 Volume 7 _cCanada Institute de Recherches Evolutives |
||
| 260 |
_c1991 _bInstitute de Recherches Evolutives, Canada, |
||
| 350 | _a220 | ||
| 650 |
_aBiography _914477 |
||
| 942 |
_k920 _cBK _2ddc |
||
| 999 |
_c999 _d999 |
||